00958 a2200217 4500003000500000005001700005010001700022020002800039040000900067082001500076245008000091260007000171300003900241505016200280650003600442650003400478700002700512700003300539856009000572856007800662Nust20230126133734.0 a 2003049478 a0470844094 (alk. paper) cNust00a910.58,APP00aApplied GIS and spatial analysis /ceditors, John Stillwell, Graham Clarke. aChichester, West Sussex, England ;aHoboken, NJ :bWiley,cc2004. axi, 406 p. :bill., maps ;c26 cm. aPart 1: Geobusiness (Page-9), Part 2: Social Deprivation (Page-87), Part 3: Transport and Location (Page-169), Part 4: National Spatial Planning (Page-257). 0aGeographic information systems. 0aSpatial analysis (Statistics)1 aClarke, Graham,d1960-1 aStillwell, John C. H.d1952-423Publisher descriptionuhttp://www.loc.gov/catdir/description/wiley041/2003049478.html423Table of contentsuhttp://www.loc.gov/catdir/toc/wiley041/2003049478.html